[Event "Remote 4er 0244 email"]
[Site "Remote email"]
[Date "2014.03.09"]
[Round "?"]
[White "Sevilla, Andres"]
[Black "Cozza, Sebastian"]
[Result "1/2-1/2"]
[WhiteElo "2412"]
[BlackElo "2433"]
[PlyCount "86"]
[EventDate "2014.??.??"]
[EventType "tourn (corr)"]
[EventRounds "6"]
[EventCountry "GER"]
[SourceTitle "Corr 2015"]
[Source "ChessBase"]
[SourceDate "2015.07.17"]
[SourceVersion "1"]
[SourceVersionDate "2015.07.17"]
[SourceQuality "1"]

1. d4 d5 2. c4 e6 3. Nc3 Nf6 4. cxd5 exd5 5. Bg5 c6 6. Qc2 Na6 7. e3 Nb4 8. Qd2 Bf5 9. Rc1 a5 10. a3 Na6 11. Nge2 Be7 12. Ng3 Bg6 13. Be2 0-0 14. 0-0 Nc7 15. h4 h6 16. Bxf6 Bxf6 17. h5 Bh7 18. Bd3 Bxd3 19. Qxd3 Ne8 20. Nf5 Nd6 21. Nxd6 Qxd6 22. Qf5 Rfe8 23. Ne2 a4 24. Nf4 Bd8 25. Rfd1 Bc7 26. g3 Qd8 27. Ne2 Qg5 28. Qxg5 hxg5 29. Nc3 Ra5 30. g4 f5 31. gxf5 Rf8 32. Kg2 Rxf5 33. f3 Kh7 34. Re1 Rf8 35. e4 dxe4 36. fxe4 Rf4 37. Rcd1 Kh6 38. e5 Kxh5 39. d5 Rg4+ 40. Kf3 Rf4+ 41. Kg2 Rg4+ 42. Kf1 Rf4+ 43. Kg2 Rg4+ 1/2-1/2

[Event "Remote 4er 0244 email"]
[Site "Remote email"]
[Date "2014.03.09"]
[Round "?"]
[White "Solis Gomez, Jose Alberto"]
[Black "Cozza, Sebastian"]
[Result "1-0"]
[WhiteElo "2466"]
[BlackElo "2433"]
[PlyCount "131"]
[EventDate "2014.??.??"]
[EventType "tourn (corr)"]
[EventRounds "6"]
[EventCountry "GER"]
[SourceTitle "Corr 2015"]
[Source "ChessBase"]
[SourceDate "2015.07.17"]
[SourceVersion "1"]
[SourceVersionDate "2015.07.17"]
[SourceQuality "1"]

1. Nf3 e6 2. g3 d5 3. Bg2 Nf6 4. 0-0 c5 5. d3 Nc6 6. Nbd2 Be7 7. e4 0-0 8. Re1 Qc7 9. e5 Nd7 10. Qe2 b6 11. Nf1 Bb7 12. Bf4 Rac8 13. h4 a6 14. Ne3 h6 15. h5 d4 16. Ng4 b5 17. Qd2 c4 18. dxc4 bxc4 19. Bxh6 gxh6 20. Qxh6 Qd8 21. Rad1 d3 22. cxd3 c3 23. bxc3 Na5 24. c4 Bxf3 25. Bxf3 Bg5 26. Nf6+ Qxf6 27. Qxf8+ Rxf8 28. exf6 Bxf6 29. Kg2 Kg7 30. Re2 Rb8 31. d4 Nxc4 32. d5 exd5 33. Rxd5 Nce5 34. Re4 Nxf3 35. Rxd7 Ng5 36. Ra4 Rb6 37. Ra7 Rb2 38. R7xa6 Bc3 39. h6+ Kh7 40. Rg4 Ne6 41. Ra7 Nd8 42. Rd7 Ba5 43. a4 Bb6 44. Rf4 Kxh6 45. Rf6+ Kg7 46. Rxb6 Rxb6 47. Rxd8 Ra6 48. Rd4 Kf6 49. Kf3 Ra5 50. Ke4 Ke6 51. Kd3 Rc5 52. g4 Rc1 53. f4 Ke7 54. Rb4 Ra1 55. g5 Kd6 56. Kd4 Rd1+ 57. Ke4 Ke7 58. Rb7+ Ke8 59. f5 Rd6 60. Ra7 Kf8 61. a5 Kg7 62. a6 Rb6 63. g6 Rb4+ 64. Ke5 Rb5+ 65. Kf4 Kh6 66. gxf7 1-0

[Event "Kupec Memorial R1 email"]
[Site "Remote email"]
[Date "2012.03.10"]
[Round "?"]
[White "Cozza, Sebastian"]
[Black "Boehme, Sebastian"]
[Result "1/2-1/2"]
[WhiteElo "2416"]
[BlackElo "2539"]
[PlyCount "108"]
[EventDate "2012.??.??"]
[EventType "tourn (corr)"]
[EventRounds "6"]
[EventCountry "GER"]
[SourceTitle "Corr 2015"]
[Source "ChessBase"]
[SourceDate "2015.07.17"]
[SourceVersion "1"]
[SourceVersionDate "2015.07.17"]
[SourceQuality "1"]

1. e4 e5 2. Bc4 Nf6 3. d4 exd4 4. Nf3 Bb4+ 5. c3 dxc3 6. bxc3 d5 7. exd5 Bd6 8. Qe2+ Qe7 9. Qxe7+ Kxe7 10. 0-0 Re8 11. Re1+ Kf8 12. Rxe8+ Kxe8 13. Bb3 Nbd7 14. Bb2 Nc5 15. c4 Bf5 16. Na3 a6 17. Bc2 Bxc2 18. Nxc2 Nce4 19. a4 Kf8 20. Bd4 Bc5 21. a5 Nd7 22. Kf1 g6 23. g3 Bxd4 24. Ncxd4 Ndc5 25. Rb1 Ke7 26. Nb3 Kd6 27. Nxc5 Nxc5 28. h4 Rb8 29. h5 Ne4 30. Rb2 Kc5 31. Re2 f5 32. hxg6 hxg6 33. Ne5 Rg8 34. Rb2 Nd6 35. Rc2 g5 36. Nd7+ Kb4 37. Ne5 Re8 38. Nd3+ Kb3 39. Rc1 Ne4 40. Kg2 g4 41. c5 Rd8 42. Nf4 Nc3 43. Re1 Nxd5 44. Ne6 Rb8 45. c6 Kc4 46. cxb7 Rxb7 47. Ng7 f4 48. gxf4 Nxf4+ 49. Kg3 c5 50. Ne8 Nd3 51. Re6 Ra7 52. Rb6 Nb4 53. Kxg4 Kb3 54. Nf6 Rg7+ 1/2-1/2

[Event "Kupec Memorial R1 email"]
[Site "Remote email"]
[Date "2012.03.10"]
[Round "?"]
[White "Cozza, Sebastian"]
[Black "Valverde Lopez, Mario"]
[Result "1-0"]
[WhiteElo "2416"]
[BlackElo "1818"]
[PlyCount "71"]
[EventDate "2012.??.??"]
[EventType "tourn (corr)"]
[EventRounds "6"]
[EventCountry "GER"]
[SourceTitle "Corr 2015"]
[Source "ChessBase"]
[SourceDate "2015.07.17"]
[SourceVersion "1"]
[SourceVersionDate "2015.07.17"]
[SourceQuality "1"]

1. d4 e5 2. dxe5 Nc6 3. Nf3 Qe7 4. Bf4 Qb4+ 5. Bd2 Qxb2 6. Nc3 Bb4 7. Rb1 Qa3 8. Nd5 Bxd2+ 9. Qxd2 Kd8 10. Qg5+ Nge7 11. Nxe7 Qa5+ 12. Nd2 Nxe7 13. Qxg7 Rg8 14. Qxf7 Qxe5 15. Qxh7 b6 16. Qe4 Qxe4 17. Nxe4 Bb7 18. Ng3 Nd5 19. Rb3 Nf4 20. f3 Ke7 21. Kf2 Rh8 22. h4 Ne6 23. e4 Kf6 24. Re3 Raf8 25. Nf5 Nc5 26. g4 Re8 27. Bc4 a6 28. g5+ Ke5 29. Rd1 Kf4 30. g6 d5 31. Bxd5 Bxd5 32. Rxd5 c6 33. Rd6 Re6 34. g7 Rg8 35. Rxe6 Nxe6 36. Re1 1-0

[Event "Remote Superturnier 15 email"]
[Site "Remote email"]
[Date "2011.12.01"]
[Round "?"]
[White "Carlsen, Torben Erik"]
[Black "Cozza, Sebastian"]
[Result "1/2-1/2"]
[WhiteElo "2320"]
[BlackElo "2414"]
[PlyCount "64"]
[EventDate "2011.??.??"]
[EventType "tourn (corr)"]
[EventRounds "14"]
[EventCountry "GER"]
[SourceTitle "Corr 2015"]
[Source "ChessBase"]
[SourceDate "2015.07.17"]
[SourceVersion "1"]
[SourceVersionDate "2015.07.17"]
[SourceQuality "1"]

1. e4 c5 2. Nf3 d6 3. d4 cxd4 4. Nxd4 Nf6 5. Nc3 a6 6. f4 e6 7. Qf3 Nbd7 8. Be3 e5 9. Nb3 exf4 10. Qxf4 Ne5 11. Be2 Be7 12. 0-0 0-0 13. Nd4 Neg4 14. Rad1 Nxe3 15. Qxe3 Qc7 16. a3 Re8 17. Qf4 Bd8 18. Kh1 Be6 19. g4 h6 20. h4 Nh7 21. Nxe6 fxe6 22. Qxd6 Qxd6 23. Rxd6 Bxh4 24. Bc4 Nf8 25. Rb6 Rab8 26. Ne2 Bd8 27. Rd6 Bc7 28. Rdd1 b5 29. Ba2 Nh7 30. Nd4 Ng5 31. c3 Rbd8 32. e5 Kh7 1/2-1/2

[Event "Remote Superturnier 15 email"]
[Site "Remote email"]
[Date "2011.12.01"]
[Round "?"]
[White "Cozza, Sebastian"]
[Black "Dickl, Errol"]
[Result "1/2-1/2"]
[WhiteElo "2414"]
[BlackElo "2266"]
[PlyCount "40"]
[EventDate "2011.??.??"]
[EventType "tourn (corr)"]
[EventRounds "14"]
[EventCountry "GER"]
[SourceTitle "Corr 2015"]
[Source "ChessBase"]
[SourceDate "2015.07.17"]
[SourceVersion "1"]
[SourceVersionDate "2015.07.17"]
[SourceQuality "1"]

1. e4 c5 2. b4 cxb4 3. a3 e5 4. axb4 Nf6 5. Nf3 Bxb4 6. c3 Be7 7. Nxe5 0-0 8. d3 d5 9. exd5 Nxd5 10. d4 Nd7 11. Nf3 Re8 12. Be2 Qc7 13. 0-0 N7b6 14. Bd3 a6 15. Re1 Bg4 16. h3 Bh5 17. Bd2 Rad8 18. Na3 Nxc3 19. Qc2 Bxf3 20. Bxc3 Qf4 1/2-1/2

[Event "Remote Superturnier 15 email"]
[Site "Remote email"]
[Date "2011.12.01"]
[Round "?"]
[White "Firsching, Guenter"]
[Black "Cozza, Sebastian"]
[Result "0-1"]
[WhiteElo "2413"]
[BlackElo "2414"]
[PlyCount "78"]
[EventDate "2011.??.??"]
[EventType "tourn (corr)"]
[EventRounds "14"]
[EventCountry "GER"]
[SourceTitle "Corr 2015"]
[Source "ChessBase"]
[SourceDate "2015.07.17"]
[SourceVersion "1"]
[SourceVersionDate "2015.07.17"]
[SourceQuality "1"]

1. e4 c5 2. Nf3 d6 3. d4 cxd4 4. Nxd4 Nf6 5. Nc3 a6 6. Bg5 e6 7. f4 Qb6 8. Qd2 Qxb2 9. Rb1 Qa3 10. e5 dxe5 11. fxe5 h6 12. Bh4 g5 13. exf6 gxh4 14. Be2 Qa5 15. 0-0 h3 16. Bf3 Nd7 17. Bxb7 Bxb7 18. Rxb7 Rg8 19. g3 Qc5 20. Rf2 Ne5 21. Na4 Qd5 22. Rb1 Qxa2 23. Nc3 Qc4 24. Ne4 Rg4 25. Qe3 Rd8 26. c3 Qd5 27. Re1 h5 28. Qe2 Rb8 29. Qc2 Bh6 30. Rfe2 h4 31. Qa4+ Kf8 32. Qxa6 Kg8 33. Qd6 Qxd6 34. Nxd6 Nd3 35. Ra1 hxg3 36. hxg3 Rxg3+ 37. Kh1 Bf4 38. Ne4 Rg4 39. Ng3 Rxg3 0-1

[Event "Remote Superturnier 15 email"]
[Site "Remote email"]
[Date "2011.12.01"]
[Round "?"]
[White "Foerster, Hans Juergen"]
[Black "Cozza, Sebastian"]
[Result "0-1"]
[WhiteElo "2220"]
[BlackElo "2414"]
[PlyCount "88"]
[EventDate "2011.??.??"]
[EventType "tourn (corr)"]
[EventRounds "14"]
[EventCountry "GER"]
[SourceTitle "Corr 2015"]
[Source "ChessBase"]
[SourceDate "2015.07.17"]
[SourceVersion "1"]
[SourceVersionDate "2015.07.17"]
[SourceQuality "1"]

1. e4 c5 2. Nf3 d6 3. c3 Nf6 4. Bd3 Nc6 5. Bc2 Bg4 6. d3 e6 7. Nbd2 Be7 8. h3 Bh5 9. Nf1 h6 10. Ng3 Bg6 11. Qe2 Qb6 12. 0-0 0-0 13. Rd1 Rfd8 14. d4 cxd4 15. cxd4 d5 16. e5 Bxc2 17. Qxc2 Nd7 18. Qe2 Rac8 19. Nh5 Rc7 20. a3 Rdc8 21. b4 a6 22. Nf4 Bg5 23. Qd3 Bxf4 24. Bxf4 Ne7 25. Rdc1 Rc4 26. Qd1 Qc7 27. Bd2 b5 28. Qb3 Nb6 29. Qd3 Qa7 30. Re1 Na4 31. Rac1 Nf5 32. Kf1 R8c7 33. h4 h5 34. Rxc4 dxc4 35. Qe4 Rd7 36. Qc6 Rd8 37. Be3 Nc3 38. Bd2 Ne7 39. Qc5 Qb7 40. d5 Rxd5 41. Qe3 Na4 42. Qe4 Qc7 43. Bg5 Nf5 44. Bc1 c3 0-1

[Event "Remote Superturnier 13 email"]
[Site "Remote email"]
[Date "2011.05.22"]
[Round "?"]
[White "Paleckis, Eugenijus"]
[Black "Cozza, Sebastian"]
[Result "1/2-1/2"]
[WhiteElo "2349"]
[BlackElo "2404"]
[PlyCount "50"]
[EventDate "2011.??.??"]
[EventType "tourn (corr)"]
[EventRounds "14"]
[EventCountry "GER"]
[SourceTitle "Corr 2015"]
[Source "ChessBase"]
[SourceDate "2015.07.17"]
[SourceVersion "1"]
[SourceVersionDate "2015.07.17"]
[SourceQuality "1"]

1. e4 e5 2. Nf3 Nc6 3. Bb5 a6 4. Ba4 Nf6 5. 0-0 Be7 6. Re1 b5 7. Bb3 d6 8. c3 0-0 9. h3 Na5 10. Bc2 c5 11. d4 Qc7 12. Nbd2 cxd4 13. cxd4 Nc6 14. Nb3 a5 15. Be3 a4 16. Nbd2 Bd7 17. Rc1 Rac8 18. Bd3 Qb8 19. Qe2 h6 20. Nf1 Rfe8 21. Ng3 exd4 22. Nxd4 d5 23. Ndf5 Bf8 24. Red1 Ne5 25. Rxc8 Rxc8 1/2-1/2